[Event "FRA-ch op-A"]
[Site "Auxerre"]
[Date "1996.??.??"]
[Round "?"]
[White "Belheine, Larbi"]
[Black "Bougot, Joel"]
[Result "1-0"]
[WhiteElo "1940"]
[BlackElo "1770"]
[PlyCount "49"]
[EventDate "1996.08.??"]
[EventType "swiss"]
[EventRounds "10"]
[EventCountry "FRA"]
[SourceTitle "EXT 2004"]
[Source "ChessBase"]
[SourceDate "2003.11.25"]
[SourceVersion "1"]
[SourceVersionDate "2003.11.25"]
[SourceQuality "1"]

1. e4 c5 2. Nf3 d6 3. d4 cxd4 4. Nxd4 Nf6 5. Nc3 a6 6. Bc4 b5 7. Bb3 Bb7 8. 0-0 Nbd7 9. Re1 e6 10. Qf3 b4 11. Nd5 exd5 12. exd5+ Ne5 13. Ba4+ Nfd7 14. Nc6 Qc7 15. Qg3 Be7 16. Nxe7 Kxe7 17. f4 Kf8 18. fxe5 dxe5 19. Bd2 a5 20. c4 Nb6 21. Bb3 Nxc4 22. Bxc4 Qxc4 23. Qxe5 Qb5 24. Bh6 Qb6+ 25. Kh1 1-0

[Event "FRA-ch Accession"]
[Site "Montpellier"]
[Date "1991.??.??"]
[Round "7"]
[White "Brochet, Philippe"]
[Black "Belheine, Larbi"]
[Result "1-0"]
[WhiteElo "2245"]
[BlackElo "1990"]
[PlyCount "33"]
[EventDate "1991.??.??"]
[EventType "swiss"]
[EventRounds "11"]
[EventCountry "FRA"]
[SourceTitle "EXT 1999"]
[Source "ChessBase"]
[SourceDate "1998.11.16"]
[SourceVersion "1"]
[SourceVersionDate "1998.11.16"]
[SourceQuality "1"]

1. e4 c5 2. Nf3 e6 3. Nc3 a6 4. d4 cxd4 5. Nxd4 Nc6 6. Nxc6 bxc6 7. Bd3 d5 8. exd5 cxd5 9. 0-0 Nf6 10. Bg5 Be7 11. Re1 0-0 12. Qf3 Re8 13. Rad1 Rb8 14. b3 h6 15. Bxh6 Bb7 16. Qg3 Nh5 17. Qg4 1-0

[Event "FRA-ch Accession"]
[Site "Montpellier"]
[Date "1991.??.??"]
[Round "6"]
[White "Marciniak, Marcel"]
[Black "Belheine, Larbi"]
[Result "1/2-1/2"]
[WhiteElo "1990"]
[BlackElo "1990"]
[PlyCount "113"]
[EventDate "1991.??.??"]
[EventType "swiss"]
[EventRounds "11"]
[EventCountry "FRA"]
[SourceTitle "EXT 1999"]
[Source "ChessBase"]
[SourceDate "1998.11.16"]
[SourceVersion "1"]
[SourceVersionDate "1998.11.16"]
[SourceQuality "1"]

1. d4 Nf6 2. Nf3 g6 3. Bf4 Bg7 4. e3 0-0 5. Be2 d6 6. h3 Nbd7 7. 0-0 Re8 8. Nbd2 c6 9. a4 Nd5 10. Bh2 e5 11. c3 Nc7 12. Nc4 e4 13. Nfd2 d5 14. Nd6 Re6 15. c4 Ne8 16. Nxc8 Rxc8 17. b4 f5 18. Qb3 Nef6 19. Rfc1 Kh8 20. b5 Nf8 21. Rc2 Re8 22. Rac1 Qd7 23. bxc6 bxc6 24. c5 Ne6 25. Ba6 Rcd8 26. Qb7 f4 27. Rb2 Bh6 28. Nf1 g5 29. Qxd7 Rxd7 30. Rcb1 Bf8 31. Rb7 Kg8 32. Rxd7 Nxd7 33. Rb7 Ndxc5 34. dxc5 Bxc5 35. Be2 Re7 36. Rxe7 Bxe7 37. Bg4 Nc5 38. exf4 Nxa4 39. Bd7 gxf4 40. Bxf4 Nc3 41. Be5 Ne2+ 42. Kh2 Kf7 43. Bxc6 Ke6 44. Bc7 Bc5 45. Ne3 d4 46. Nd1 e3 47. Bf3 Nc1 48. fxe3 dxe3 49. Nc3 Bd4 50. Bg4+ Kf6 51. Ne2 Nxe2 52. Bxe2 Be5+ 53. Bxe5+ Kxe5 54. Ba6 Kf4 55. g4 h5 56. gxh5 Kg5 57. Kg3 1/2-1/2